000 00700nam a22002057a 4500
005 20100812114028.0
010 _aENG-99879
020 _a9789350011966
_c135.00
035 _aEN-83411
037 _bDBAD/PUB
082 _a658.054
100 _aMuthusamy, D.
_912310
245 _aComputer applications in business /
_cby D. Muthusamy
260 _aPerambalur
_bMercury Printers & Publishers
_c2009
270 _bPerambalur
_aPerambalur
_e621212
300 _a165p.
_c20cm (pbk)
700 _911824
942 _2ddc
_cEN
_h658.054
_mMUT
999 _c41449
_d41449